زبدة الادراك فى هيئة الافلاك : مع دراسة لمنهح الطوسى العلمى فى مجال الفلك / (Record no. 44386)
[ view plain ]
| 000 -الفاتح | |
|---|---|
| حقل البيانات ثابتة الطول | 00893nam a2200193Ia 4500 |
| 005 - وقت وتاريخ اخر تعامل مع التسجيلة | |
| رقم الضبط | 20240530104051.0 |
| 008 - عناصر البيانات ثابتة الطول - معلومات عامة | |
| حقل البيانات ثابتة الطول | 140319s9999 xx 000 0 ara d |
| 040 ## - مصدر الفهرسة | |
| وكالة الفهرسة الأصلية | GCL / |
| وكالة النسخ | GCL |
| 082 04 - رقم تصنيف ديوى العشرى | |
| رقم التصنيف | 520 |
| رقم المادة | ط ز |
| 100 1# - المدخل الرئيسى - إسم شخصى | |
| الإسم الشخصى | الطوسى ، نصر الدين ابوجعفر محمد بن محمد بن الحسن الشافعى |
| 245 10 - بيان العنوان | |
| العنوان | زبدة الادراك فى هيئة الافلاك : مع دراسة لمنهح الطوسى العلمى فى مجال الفلك / |
| بيان المسئوليه,etc | الطوسى ، نصر الدين ابوجعفر محمد بن محمد بن الحسن الشافعى ؛ دراسة وتحقيق عباس محمد حسن سليمان |
| 300 ## - الوصف المادى | |
| التعداد | 175 ص |
| 650 04 - المدخل الاضافى بالموضوع-مصطلح موضوعى | |
| مصطلح موضوعي | الفلك |
| 650 04 - المدخل الاضافى بالموضوع-مصطلح موضوعى | |
| مصطلح موضوعي | البروج |
| 700 1# - المدخل الاضافى - اسم شخصى | |
| الإسم الشخصى | عباس محمد حسن سليمان |
| الدور | محقق |
| 942 ## - عناصر المدخل الإضافي( كوها) | |
| مصدر التصنيف او مخطط الترفيف | Dewey Decimal Classification |
| Koha [default] item type | كتاب |
| 260 ## - PUBLICATION, DISTRIBUTION, ETC. (IMPRINT) | |
| -- | القاهرة : |
| -- | دار المعرفة الجامعية ، |
| حالة التراجع | حالة الفقد | حالة تلف | ليس للاعارة | المكان المؤقت | الموقع الحالى | تاريخ الاكتساب | اجمالي اﻻعارات | رقم الطلب | الباركود | تاريخ اخر مشاهدة | تاريخ تفعيل السعر | نوع وعاء كوها |
|---|---|---|---|---|---|---|---|---|---|---|---|---|
| مكتبة القاهرة الكبرى | مكتبة القاهرة الكبرى | 03/26/2014 | 520\ط ز | 108247 | 03/26/2014 | 03/26/2014 | كتاب | |||||
| مكتبة القاهرة الكبرى | مكتبة القاهرة الكبرى | 03/26/2014 | 520\ط ز | 108248 | 03/26/2014 | 03/26/2014 | كتاب | |||||
| مكتبة القاهرة الكبرى | مكتبة القاهرة الكبرى | 03/26/2014 | 520\ط ز | 108249 | 03/26/2014 | 03/26/2014 | كتاب |

